| 000 | 00612nam a2200193 a 4500 | ||
|---|---|---|---|
| 005 | 20140412111427.0 | ||
| 008 | 090225s19uu xx 00 eng d | ||
| 020 | _a0-8050-4790-5 | ||
| 050 |
_aTR(PS E _bBr81 1992 |
||
| 100 | _aBill, Martin | ||
| 245 |
_aBrown bear, Brown bear, what do you see? / _cBill Martin. |
||
| 260 |
_aMexico : _bHenry Holt, _c1992. |
||
| 300 | _aunp. | ||
| 520 | _aChildren see a variety of animals, each one a different color, and a teacher looking at them. | ||
| 650 |
_aColor _xfiction |
||
| 650 |
_aAnimals _xfiction |
||
| 700 | _aIllustrated by Carle, Eric | ||
| 999 |
_c106266 _d106266 |
||